01867cam a22005174i 4500003000900000005001700009008004100026020001500067035002700082035002700109040003300136049000900169082001900178245007600197264004600273300002800319336002100347337002500368338002300393505004800416526001000464526001000474526000900484526000900493526000900502526000900511526000900520526000900529526000900538526000800547526000800555526000800563526000800571526000800579650004300587700002600630700002900656700002800685942001400713949018600727994001400913596000600927999022100933980005501154952014001209PE-LiUPU20250731165458.0150623s r 000 0 d a0918986176 a(Sirsi) i9780918986177 a(Sirsi) i9780918986177 aPE-LiUPUbspacPE-LiUPUerda aPRUA04a492.1bA1222104aThe assyrian dictionary :bN part 2.n11:2 /cIgnace J. Gelb [y otros]. 1aChicago :bThe Oriental Institute,c1992. a357 páginas ;c29 cm. atext2rdacontent aunmediated2rdamedia avolume2rdacarrier0 athe assyrian dictionary: vol. 11 part 2: N. aSEG44 aSEG26 aP151 aP150 aP149 aP146 aP145 aP126 aP125 aP92 aP75 aP74 aP27 aP1514aLengua acadiavDiccionariosxInglés.1 aGelb, Ignace J.,eed.1 aLandsberger, Benno,eed.1 aOppenheim, A. Leo,eed. 2ddccBOOK aRC 492.1 A12 11:2wDEWEYc1i45395lRCmBULr0sYtBOOKu2015-6-24xTEOLOGIAPP350COMPRAo.CIRCNOTE. No olvidar cambiar la fecha de devolución!!!!!!!o.STAFF. Colección General aC0bPEPRU a1 aRC 492.1 A12 11:1wDEWEYc22259i45394d22259f2021-11-8g5lCCODEBUL1mBULq1r1sYtBOOKu2015-6-24xTEOLOGIAPP350COMPRAo.CIRCNOTE. No olvidar cambiar la fecha de devolución!!!!!!!o.STAFF. Colección General 81gALBERTO SANCHEZ Responsable de Automatización r2025-12-02 00:00:00i6l0oRC 492.1 A12 11:1p45394te1w2015-06-24xFTyREF102ddc50718REFfP35aBULbBULcREFd2015-06-24eCOMPRA